El liberalismo y los límites de la justicia.
Tallennettuna:
| Päätekijä: | |
|---|---|
| Muut tekijät: | |
| Aineistotyyppi: | Tuntematon |
| Julkaistu: |
Barcelona, España:
Gedisa,
2000.
|
| Painos: | Primera edición. |
| Sarja: | CLA-DE-MA / Derecho
|
| Aiheet: | |
| Tagit: |
Lisää tagi
Ei tageja, Lisää ensimmäinen tagi!
|
MARC
| LEADER | 00000 a2200000 4500 | ||
|---|---|---|---|
| 003 | CL-VaPUC | ||
| 005 | 20241113122635.0 | ||
| 008 | 240502t2000 ||||| |||| 00| 0 eng d | ||
| 999 | |c 443352 |d 443350 | ||
| 020 | |a 978-84-7432-706-9 | ||
| 040 | |c Pontificia Universidad Católica de Valparaíso | ||
| 082 | 7 | |2 22 |a 320.512 SAN 2000 | |
| 100 | |a Sandel, Michael |9 524174 |e autor | ||
| 245 | 1 | 3 | |a El liberalismo y los límites de la justicia. |
| 250 | |a Primera edición. | ||
| 260 | |a Barcelona, España: |b Gedisa, |c 2000. | ||
| 300 | |a 238 páginas. | ||
| 490 | |a CLA-DE-MA / Derecho | ||
| 583 | |k GC |c 20240502 | ||
| 650 | 0 | |9 888737 |a Liberalismo deontológico | |
| 650 | 0 | |9 256456 |a Derecho |v Filosofía | |
| 700 | |9 888736 |a Melon, María Luz |e traducción | ||
| 942 | |2 ddc |c BK | ||
| 952 | |0 0 |1 0 |2 ddc |4 0 |6 320_512000000000000_SAN_2000 |7 0 |8 A |9 594218 |a BIBEDU |b BIBEDU |c S_PSTGRDO |d 2024-04-24 |e 3 |g 31066.00 |i 5660880 |o 320.512 SAN 2000 |p 5660880 |r 2025-01-22 |t 1 |v 31066.00 |w 2024-04-24 |y BK |k DED | ||
| 952 | |0 0 |1 0 |2 ddc |4 0 |6 320_512000000000000_SAN_2000 |7 0 |8 A |9 597968 |a BIBEDU |b BIBEDU |c S_PSTGRDO |d 2024-11-13 |e 3 |g 30679.00 |i 5663178 |o 320.512 SAN 2000 |p 5663178 |r 2025-01-22 |t 3 |v 30679.00 |w 2024-11-13 |y BK |k DED | ||
| 952 | |0 0 |1 0 |2 ddc |4 0 |6 320_512000000000000_SAN_2000 |7 0 |8 A |9 597969 |a BIBEDU |b BIBEDU |c S_PSTGRDO |d 2024-11-13 |e 3 |g 30679.00 |i 5663177 |o 320.512 SAN 2000 |p 5663177 |r 2024-11-13 |t 2 |v 30679.00 |w 2024-11-13 |y BK |k DED | ||